Vainqueur du Tour de France - Statistiques

Statistiques générales
  • Ce quiz a été pris 435 fois
    322 depuis la dernière actualisation
  • Le résultat moyen est 50 sur 105
Statistiques - réponses
Année Champion % Correct
2020 | 2021 | 2024 Tadej Pogačar
100%
2025 Tadej Pogačar
99%
2022 | 2023 Jonas Vingegaard
98%
2013 | 2015 | 2016 | 2017 Christopher Froome
95%
2019 Egan Bernal
94%
1978 | 1979 | 1981 | +2 others Bernard Hinault
91%
2018 Geraint Thomas
90%
2007 | 2009 Alberto Contador
87%
1969 | 1970 | 1971 | +2 others Eddy Merckx
87%
2014 Vincenzo Nibali
86%
2010 Andy Schleck[
78%
2012 Bradley Wiggins
77%
2011 Cadel Evans
75%
1991 | 1992 | 1993 | +2 others Miguel Indurain
71%
1957 | 1961 | 1962 | +2 others Jacques Anquetil
68%
1986 | 1989 | 1990 Greg LeMond
65%
1983 | 1984 Laurent Fignon
65%
1998 Marco Pantani
62%
1997 Jan Ullrich
59%
1949 | 1952 Fausto Coppi
58%
1953 | 1954 | 1955 Louison Bobet
50%
2008 Carlos Sastre
49%
1996 Bjarne Riis
46%
1938 | 1948 Gino Bartali
45%
1975 | 1977 Bernard Thévenet
43%
1973 Luis Ocaña
43%
1959 Federico Bahamontes
36%
1907 | 1908 Lucien Petit-Breton
34%
2006 Óscar Pereiro[
34%
1980 Joop Zoetemelk
33%
1987 Stephen Roche
33%
1988 Pedro Delgado
32%
1903 Maurice Garin
31%
1958 Charly Gaul
28%
1976 Lucien Van Impe
26%
1950 Ferdi Kübler
24%
1951 Hugo Koblet
22%
1947 Jean Robic
22%
1965 Felice Gimondi
20%
1968 Jan Janssen
17%
1956 Roger Walkowiak
17%
1935 Romain Maes
17%
1936 | 1939 Sylvère Maes
17%
1967 Roger Pingeon
16%
1960 Gastone Nencini
15%
1966 Lucien Aimar
15%
1913 | 1914 | 1920 Philippe Thys
14%
1931 | 1934 Antonin Magne
11%
1904 Henri Cornet
11%
1923 Henri Pélissier
11%
1924 | 1925 Ottavio Bottecchia
11%
1927 | 1928 Nicolas Frantz
9%
1909 François Faber
8%
1930 | 1932 André Leducq
7%
1905 Louis Trousselier
7%
1937 Roger Lapébie
7%
1911 Gustave Garrigou
6%
1910 Octave Lapize
6%
1933 Georges Speicher
5%
1919 | 1922 Firmin Lambot
4%
1921 Léon Scieur
4%
1929 Maurice De Waele
4%
1912 Odile Defraye
4%
1906 René Pottier
4%
1926 Lucien Buysse
3%
Aucun quiz correspondant
Distribution des résultats
% des personnes avec chaque résultat
Percentile par nombre de réponses
Votre historique - résultats
Vous n’avez pas pris ce quiz depuis la dernière actualisation